Maternités en exil : Mettre des bébés au monde et les faire grandir en situation transculturelle (notice n° 1512447)

détails MARC
000 -LEADER
fixed length control field 02429cam a2200169 4500500
005 - DATE AND TIME OF LATEST TRANSACTION
control field 20251012001319.0
041 ## - LANGUAGE CODE
Language code of text/sound track or separate title fre
042 ## - AUTHENTICATION CODE
Authentication code dc
100 10 - MAIN ENTRY--PERSONAL NAME
Personal name Moro, Marie Rose
Relator term author
245 00 - TITLE STATEMENT
Title Maternités en exil : Mettre des bébés au monde et les faire grandir en situation transculturelle
260 ## - PUBLICATION, DISTRIBUTION, ETC.
Name of publisher, distributor, etc. La Pensée sauvage,<br/>
Date of publication, distribution, etc. 2023.<br/>
520 ## - SUMMARY, ETC.
Summary, etc. Vive la société multiculturelle avec des bébés de toutes les couleurs ! Oui, mais la réalité ne se résume pas à des slogans bienveillants. Ces bébés nés ici, de parents venant du monde entier, ou nés ailleurs et qui vont grandir ici, nous obligent à penser et à faire autrement. C’est ce à quoi nous convie ce livre, à partir d’une pratique multiculturelle à Paris et en banlieue parisienne et d’histoires racontées et mises à la disposition de tous. En effet, ces dernières années, l'approche périnatale a intégré dans ses outils la composante culturelle : langues et représentations parentales, manières de faire et de penser les bébés de par le monde… et c’est une chance pour l’accueil et la clinique des bébés, de tous les bébés. Grossesse, accouchement, mise en place des interactions précoces et construction de la parentalité sont à la fois des actes profondément intimes mais aussi des actes médicaux, sociaux et culturels. Les stratégies d’accueil, de prévention et de soins propres à cette période périnatale sont étudiées concrètement. Ce livre invite à comprendre le bébé, sa famille mais aussi à sensibiliser et former les professionnels de cette petite enfance de toutes les couleurs, enfants de migrants, enfants métis, enfants adoptés, enfants de voyageurs... Ce livre s’adresse à tous les professionnels de l’enfance (puéricultrices, psychologues, psychiatres, médecins, professionnels des PMI ou des équipes de psychiatrie, de pédiatrie ou de néonatalogie, infirmières, sages-femmes, travailleurs sociaux, éducatrices de jeunes enfants, assistantes maternelles…) mais aussi, aux étudiants, aux juges, aux enseignants et à tous ceux qui sont intéressés par les questions concernant les bébés, parents, grands-parents, curieux…
700 10 - ADDED ENTRY--PERSONAL NAME
Personal name Neuman, Dominique
Relator term author
700 10 - ADDED ENTRY--PERSONAL NAME
Personal name Réal, Isabelle
Relator term author
700 10 - ADDED ENTRY--PERSONAL NAME
Personal name Radjack, Rahmeth
Relator term author
856 41 - ELECTRONIC LOCATION AND ACCESS
Uniform Resource Identifier <a href="https://shs.cairn.info/maternites-en-exil--9782859193553?lang=fr&redirect-ssocas=7080">https://shs.cairn.info/maternites-en-exil--9782859193553?lang=fr&redirect-ssocas=7080</a>

Pas d'exemplaire disponible.

PLUDOC

PLUDOC est la plateforme unique et centralisée de gestion des bibliothèques physiques et numériques de Guinée administré par le CEDUST. Elle est la plus grande base de données de ressources documentaires pour les Étudiants, Enseignants chercheurs et Chercheurs de Guinée.

Adresse

627 919 101/664 919 101

25 boulevard du commerce
Kaloum, Conakry, Guinée

Réseaux sociaux

Powered by Netsen Group @ 2025